| 000 | 00863nam a2200193 i 4500 | ||
|---|---|---|---|
| 001 | 83810 | ||
| 003 | ES-MaACL | ||
| 005 | 20250831063035.0 | ||
| 007 | t| | ||
| 008 | 041118m19141919sp ||||1| spa d | ||
| 100 | 1 |
_aIspizua, Segundo de, _d1869-1924 _965593 |
|
| 245 | 1 | 0 |
_aHistoria de los vascos en el descubrimiento, conquista y civilización de América / _cSegundo de Ispizua. |
| 260 |
_aBilbao : _b[s.n., _c1914-19 ( _fJosé B. de Lerchindi) |
||
| 300 |
_a6 v. ; _c19 cm. |
||
| 500 | _aDesde el V. III se publica con el tít. "Los vascos en América: historia de América. | ||
| 505 | 8 | _aContiene: T. I: Descubrimiento de América. -- T. II: Descubrimiento y conquista de México. -- T. III: Panamá: conquista y colonización. Perú: descubrimientos y conquista. -- T. IV: Venezuela | |
| 852 |
_aES-MaACL _jF-5890-95 |
||
| 999 |
_c83810 _d83810 |
||